000 00475nam a22001577a 4500
005 20240306145238.0
008 240305b ||||| |||| 00| 0 eng d
040 _cAL
041 _aeng
082 _223
_a658.8
_bRURA
100 _aRoshan D Souza
_9153266
245 _aRural Marketing and its Input with Special Reference to Colgate Palmolive India Ltd Jalgaon
260 _aMangalore
_bSt Aloysius College
_c1997
700 _aDSOUZA (Roshan)
_9153060
942 _2ddc
_cPRO
999 _c230064
_d230064